|
|
|
|
| LEADER |
00000ckm a2200000 a 4500 |
| 001 |
vtls001395997 |
| 003 |
SK-MaSNL |
| 005 |
20260331204524.0 |
| 007 |
kf co |
| 008 |
231121s1980 xo g 0kuslo |
| 015 |
|
|
|a SNBG1980
|
| 035 |
|
|
|a SNK000350370
|
| 035 |
|
|
|a urn:nbn:sk:snk-km45v3n
|
| 035 |
|
|
|a CAE49C7A-4A8F-4634-A674-55DCF34970CE
|
| 035 |
|
|
|a urn:nbn:sk:snk-km00fb91
|
| 040 |
|
|
|a SNK
|b slo
|c SNK
|e AACR2
|
| 041 |
0 |
|
|a slo
|
| 043 |
|
|
|a e-xo---
|
| 044 |
|
|
|a xo
|c SK
|
| 072 |
|
7 |
|a 908(437)
|x Vlastiveda Česka a Slovenska
|2 konspekt
|
| 080 |
|
|
|a 911.2(23.0)
|2 2011
|
| 080 |
|
|
|a 908(437.6)
|2 2011
|
| 080 |
|
|
|a 728.5
|2 2011
|
| 080 |
|
|
|a 72.031.4
|2 2011
|
| 080 |
|
|
|a 711.73
|2 2011
|
| 080 |
|
|
|a 694.1
|2 2011
|
| 080 |
|
|
|a 630*10
|2 2011
|
| 080 |
|
|
|a 625.711.1/.3
|2 2011
|
| 080 |
|
|
|a 551.332.56
|2 2011
|
| 080 |
|
|
|a (084.121)
|2 2011
|
| 080 |
|
|
|a 908.437.6(084.121)
|2 1981
|
| 080 |
|
|
|a 069:72.031.4
|2 2011
|
| 100 |
1 |
|
|a Absolon, Ľudovít,
|d 1909-1988
|4 pht
|9 38194
|
| 245 |
1 |
0 |
|a Chata na Zverovke
|h grafika
|c foto Ľudovít Absolón, Karol Demuth, Igor Grossmann
|
| 246 |
3 |
1 |
|a Zuberec - Brestová, dva zábery Oravského skanzenu
|
| 246 |
3 |
1 |
|a Cesta ku chate na Zverovke
|
| 246 |
3 |
1 |
|a Roháče - pri Ťatliakovom jazierku
|
| 260 |
|
|
|a Bratislava
|b Pravda
|c 1980
|e [Bratislava]
|f TZP-B
|
| 300 |
|
|
|a 1 pohľadnica (5 čiastkových pohľadov)
|b farebná
|c 11 x 15 cm
|
| 520 |
8 |
|
|a Zobrazenie: Päť čiastkových pohľadov, každý v tenkom bielom orámovaní, všetky na striebornom podklade, uprostred pohľadnice medzi pohľadmi je v bielom orámovaní hnedý pás (vzor dreva) po celej šírke medzi pohľadmi. Pohľad na Chatu Zverovku, v pozadí vidno zalesnenú horu. Pohľad na drevenice zo skanzenu, v popredí vidno zábradlie mosta a chodník vedúci ku dreveniciam. Vpravo sú nízke ihličnaté stromy, v pozadí sú vysoké ihličnaté stromy. Pohľad na drevenicu za cestou v popredí, za ňou vidno vľavo v pozadí ďalšiu, a medzi nimi riedke vysoké ihličnaté stromy. Pohľad na hlavnú cestu, vpravo je na nej jedno auto, v popredí je na trávnatej ploche drevený pútač. V pozadí vidno ihličnatý les a zalesnenú vysokú horu. Pohľad na horské pleso, vľavo sú na jeho okraji kamene, na ktorých v pozadí sedí niekoľko turistov. V pozadí za plesom je vidno vysoké ihličnaté stromy a v diaľke les na okraji hôr
|
| 610 |
2 |
7 |
|a Chata Zverovka (Roháče, Slovensko)
|2 SNKKA
|9 161880
|
| 650 |
0 |
7 |
|a hory
|2 SNKPH
|9 55651
|
| 650 |
0 |
7 |
|a horské chaty
|2 SNKPH
|9 98865
|
| 650 |
0 |
7 |
|a horské plesá
|2 SNKPH
|9 171908
|
| 650 |
0 |
7 |
|a skanzeny
|2 SNKPH
|9 43922
|
| 650 |
0 |
7 |
|a cesty
|2 SNKPH
|9 25096
|
| 650 |
0 |
7 |
|a lesy
|2 SNKPH
|9 1437
|
| 650 |
0 |
7 |
|a ľudová architektúra
|2 SNKPH
|9 2956
|
| 650 |
0 |
7 |
|a drevené stavby
|2 SNKPH
|9 2987
|
| 651 |
|
7 |
|a Roháče (Západné Tatry, Slovensko : pohorie)
|2 SNKPHgeo
|9 74675
|
| 651 |
|
7 |
|a Zverovka (Roháče, Slovensko)
|2 SNKPHgeo
|9 52746
|
| 651 |
|
7 |
|a Ťatliakovo pleso (Vysoké Tatry, Slovensko)
|2 SNKPHgeo
|9 180363
|
| 651 |
|
7 |
|a Roháčske plesá (Vysoké Tatry, Slovensko)
|2 SNKPHgeo
|9 179065
|
| 655 |
|
7 |
|a geografické pohľadnice
|2 SNKPH
|9 70522
|
| 700 |
1 |
|
|a Grossmann, Igor,
|d 1924-2013
|4 pht
|9 159188
|
| 700 |
1 |
|
|a Demuth, Karol,
|d 1937-
|4 pht
|9 1634853
|
| 852 |
|
|
|a Slovenská národná knižnica
|
| 958 |
|
|
|a GBN
|
| 958 |
|
|
|a GC
|
| 958 |
|
|
|a OND
|
| 958 |
|
|
|a EUIPO
|
| 999 |
|
|
|c 724095
|d 726025
|
| 952 |
|
|
|t P60, <03>, [BOOK], {603}
|a SNK
|b SNK
|y PREZ
|7 0
|p 17A1284910
|o snkSP 149568 D1
|i snkPV 916/2000
|z Pohľadnica prešla poštou.
|0 0
|1 0
|4 0
|d 2000-09-12
|l 0
|r 2005-01-02 00:00:00
|w 2026-02-23
|
| 952 |
|
|
|a SNK
|b SNK
|y PREZ
|7 0
|p 17A1290213
|o snkSP 149568
|0 0
|1 0
|4 0
|d 2020-10-07
|f 1
|l 0
|r 2026-02-23 22:09:12
|w 2026-02-23
|
| 952 |
|
|
|a SNK
|b SNK
|y PREZ
|7 0
|p 17A1290214
|o snkSP 149568 D2
|0 0
|1 0
|4 0
|d 2020-10-07
|l 0
|r 2026-02-23 22:09:12
|w 2026-02-23
|